000 00473nam a22001937a 4500
003 MPLRDC
005 20220104143619.0
008 210129b ||||| |||| 00| 0 eng d
020 _a7-5439-1399-2
082 _a326.1 ZHC
100 _a邹惠成 编著
245 _a通向太空之路
_c
250 _a第一版
260 _a
_b上海科学技术文献
_c2000
300 _b
490 _a科学攀登丛书
650 _a太空航行
942 _cBK
_o326.1 ZHC
999 _c41624
_d41614